[Event "BL2-Sued 2223"]
[Site "Germany"]
[Date "2022.11.26"]
[Round "3.8"]
[White "Schmaltz, Roland"]
[Black "Weber, Ulrich"]
[Result "1/2-1/2"]
[WhiteElo "2455"]
[BlackElo "2344"]
[PlyCount "90"]
[EventDate "2022.10.22"]
[EventType "team-tourn"]
[EventRounds "9"]
[EventCountry "GER"]
[SourceTitle "EXT 2024"]
[Source "ChessBase"]
[SourceDate "2023.10.10"]
[SourceVersion "1"]
[SourceVersionDate "2023.10.10"]
[SourceQuality "1"]
[WhiteTeam "Baden-Baden II"]
[BlackTeam "Hofheim"]
[WhiteTeamCountry "GER"]
[BlackTeamCountry "GER"]

1. e4 c5 2. Nf3 d6 3. d4 cxd4 4. Nxd4 Nf6 5. Nc3 a6 6. f3 e5 7. Nb3 Be6 8. Be3 h5 9. Qd2 Nbd7 10. a4 Qc7 11. Be2 Be7 12. 0-0 0-0 13. a5 Rac8 14. Rfc1 Qc6 15. Rd1 Rfd8 16. Rac1 Nc5 17. Nd5 Bxd5 18. exd5 Qc7 19. Na1 e4 20. f4 Ng4 21. Bxg4 hxg4 22. b4 Na4 23. c4 Bf6 24. Bd4 Bxd4+ 25. Qxd4 b5 26. axb6 Qxb6 27. Qxb6 Nxb6 28. Rd4 Re8 29. Kf2 Na4 30. Rc2 a5 31. bxa5 Nc5 32. Ke3 Ra8 33. Ra2 f5 34. Rdd2 Reb8 35. Ra3 Rb4 36. Rc2 Rb1 37. Rca2 Re1+ 38. Kf2 Rd1 39. Nb3 Nd3+ 40. Kg3 Nb4 41. Rd2 Rxd2 42. Nxd2 Re8 43. Re3 Nc2 44. Re2 Nd4 45. Re3 Nc2 1/2-1/2

[Event "Oberliga Baden 2122"]
[Site "Germany"]
[Date "2022.03.20"]
[Round "9.3"]
[White "Schmaltz, Roland"]
[Black "Zaragatski, Ilja"]
[Result "1-0"]
[WhiteElo "2460"]
[BlackElo "2519"]
[PlyCount "83"]
[EventDate "2021.10.10"]
[EventType "team-tourn"]
[EventRounds "11"]
[EventCountry "GER"]
[SourceTitle "EXT 2023"]
[Source "ChessBase"]
[SourceDate "2022.10.05"]
[SourceVersion "1"]
[SourceVersionDate "2022.10.05"]
[SourceQuality "1"]
[WhiteTeam "Baden-Baden III"]
[BlackTeam "Viernheim II"]
[WhiteTeamCountry "GER"]
[BlackTeamCountry "GER"]

1. e4 e5 2. Nf3 Nf6 3. d3 Nc6 4. Be2 d5 5. Nbd2 Bc5 6. 0-0 0-0 7. a3 a5 8. b3 Re8 9. Bb2 b6 10. c3 Bd6 11. Re1 Ne7 12. d4 Nxe4 13. dxe5 Bc5 14. Nd4 Ng6 15. b4 Bxd4 16. cxd4 Nf4 17. Nxe4 dxe4 18. Bb5 Qg5 19. g3 Nh3+ 20. Kf1 Qf5 21. f4 Re6 22. Bc1 h5 23. Be2 Rh6 24. Kg2 axb4 25. Be3 bxa3 26. Rf1 Be6 27. d5 Rd8 28. Bc4 h4 29. dxe6 Rxd1 30. exf7+ Kf8 31. Raxd1 Ke7 32. e6 Rxe6 33. Bxe6 Kxe6 34. f8Q Qxf8 35. Kxh3 hxg3 36. f5+ Kf6 37. hxg3 c5 38. Kg4 a2 39. Rd7 Qa8 40. Bg5+ Ke5 41. Rfd1 a1Q 42. Re7# 1-0

[Event "Bodensee-Cup"]
[Site "Ueberlingen/Nussdorf"]
[Date "2021.10.16"]
[Round "2.2"]
[White "Schmaltz, Roland"]
[Black "Heidenfeld, Mark"]
[Result "1/2-1/2"]
[WhiteElo "2457"]
[BlackElo "2372"]
[PlyCount "88"]
[EventDate "2021.10.15"]
[EventType "team-tourn"]
[EventRounds "3"]
[EventCountry "GER"]
[SourceTitle "EXT 2023"]
[Source "ChessBase"]
[SourceDate "2022.10.05"]
[SourceVersion "1"]
[SourceVersionDate "2022.10.05"]
[SourceQuality "1"]
[WhiteTeam "Baden"]
[BlackTeam "Wuerttemberg"]
[WhiteTeamCountry "GER"]
[BlackTeamCountry "GER"]

1. e4 e6 2. d4 d5 3. Nc3 dxe4 4. Nxe4 Nd7 5. Nf3 Ngf6 6. Nxf6+ Nxf6 7. Bd3 c5 8. Be3 Qc7 9. Qe2 a6 10. 0-0 Bd6 11. dxc5 Bxc5 12. Bxc5 Qxc5 13. Ne5 Nd7 14. Nf3 Nf6 15. c4 Bd7 16. a3 0-0 17. b4 Qc7 18. Ne5 Rfd8 19. Rfe1 Bc6 20. Qe3 Nd7 21. Bxh7+ Kxh7 22. Nxf7 Nf8 23. Nxd8 Rxd8 24. Rad1 Kg8 25. h4 b5 26. Qc5 Rc8 27. Rd4 Qb7 28. Qg5 bxc4 29. Rxc4 Bd5 30. Rxc8 Qxc8 31. Rc1 Qd7 32. h5 Kh7 33. Qf4 Qe8 34. g4 Nd7 35. Rc7 Kg8 36. Qg5 Qf7 37. Qd8+ Kh7 38. Qxd7 Qf6 39. Qf7 Qa1+ 40. Kh2 Qh1+ 41. Kg3 Qg2+ 42. Kh4 Qh2+ 43. Kg5 Qe5+ 44. Kh4 Qh2+ 1/2-1/2

[Event "Baden-Baden Swiss 1st"]
[Site "Baden-Baden"]
[Date "2021.09.12"]
[Round "6"]
[White "Schmaltz, Roland"]
[Black "Schlosser, Philipp"]
[Result "1/2-1/2"]
[WhiteElo "2454"]
[BlackElo "2507"]
[PlyCount "50"]
[EventDate "2021.09.09"]
[EventType "swiss"]
[EventRounds "9"]
[EventCountry "GER"]
[SourceTitle "CBM 204 Extra"]
[Source "ChessBase"]
[SourceDate "2021.11.30"]
[SourceVersion "1"]
[SourceVersionDate "2021.11.30"]
[SourceQuality "1"]

1. e4 e5 2. Nf3 Nc6 3. Bb5 a6 4. Ba4 Nf6 5. d3 d6 6. c3 g6 7. Bg5 Bg7 8. Nbd2 h6 9. Bh4 0-0 10. 0-0 Bd7 11. Re1 Qe7 12. Nf1 Rae8 13. b4 Qd8 14. Bb3 Kh8 15. a4 Qc8 16. Ne3 Nd8 17. Qc2 Ne6 18. Rad1 Nf4 19. Bg3 N4h5 20. a5 Ng4 21. d4 Nxe3 22. Rxe3 Nxg3 23. hxg3 Bg4 24. dxe5 Bxe5 25. Qa2 Kg7 1/2-1/2

[Event "Baden-Baden Swiss 1st"]
[Site "Baden-Baden"]
[Date "2021.09.11"]
[Round "5"]
[White "Froewis, Georg"]
[Black "Schmaltz, Roland"]
[Result "1/2-1/2"]
[WhiteElo "2453"]
[BlackElo "2454"]
[PlyCount "23"]
[EventDate "2021.09.09"]
[EventType "swiss"]
[EventRounds "9"]
[EventCountry "GER"]
[SourceTitle "CBM 204 Extra"]
[Source "ChessBase"]
[SourceDate "2021.11.30"]
[SourceVersion "1"]
[SourceVersionDate "2021.11.30"]
[SourceQuality "1"]

1. d4 Nf6 2. c4 e6 3. Nf3 b6 4. g3 Ba6 5. b3 Bb4+ 6. Bd2 Be7 7. Bg2 c6 8. 0-0 d5 9. Qc2 0-0 10. Rd1 Nbd7 11. Bf4 Rc8 12. Nc3 1/2-1/2

[Event "Baden-Baden Swiss 1st"]
[Site "Baden-Baden"]
[Date "2021.09.10"]
[Round "2"]
[White "Schmaltz, Roland"]
[Black "Schmider, Niklas"]
[Result "1-0"]
[WhiteElo "2454"]
[BlackElo "2307"]
[PlyCount "61"]
[EventDate "2021.09.09"]
[EventType "swiss"]
[EventRounds "9"]
[EventCountry "GER"]
[SourceTitle "CBM 204 Extra"]
[Source "ChessBase"]
[SourceDate "2021.11.30"]
[SourceVersion "1"]
[SourceVersionDate "2021.11.30"]
[SourceQuality "1"]

1. e4 e5 2. Nf3 Nc6 3. Bb5 a6 4. Ba4 Nf6 5. d3 b5 6. Bb3 Bc5 7. Bg5 h6 8. Bh4 g5 9. Bg3 d6 10. c3 0-0 11. Nbd2 Bb6 12. a4 Bb7 13. h4 g4 14. Nh2 h5 15. f3 Qd7 16. fxg4 Nxg4 17. Nxg4 Qxg4 18. Qxg4+ hxg4 19. h5 Kh8 20. Rf1 Kg7 21. Bh4 b4 22. Rf6 bxc3 23. bxc3 Be3 24. Ke2 Bf4 25. g3 Bh6 26. Raf1 Nd8 27. R6f2 d5 28. exd5 Bxd2 29. Kxd2 Rb8 30. Bf6+ Kh6 31. Bxe5 1-0

[Event "GER-ch rapid 46th"]
[Site "Plochingen"]
[Date "2020.09.19"]
[Round "5"]
[White "Schmaltz, Roland"]
[Black "Richter, Christian"]
[Result "1/2-1/2"]
[WhiteElo "2449"]
[BlackElo "2348"]
[PlyCount "111"]
[EventDate "2020.09.19"]
[EventType "swiss"]
[EventRounds "9"]
[EventCountry "GER"]
[SourceTitle "CBM 198 Extra"]
[Source "ChessBase"]
[SourceDate "2020.11.30"]
[SourceVersion "1"]
[SourceVersionDate "2020.11.30"]
[SourceQuality "1"]

1. e4 e5 2. Nf3 Nc6 3. Bb5 a6 4. Ba4 Nf6 5. d3 b5 6. Bb3 Be7 7. 0-0 d6 8. c3 0-0 9. Re1 h6 10. Nbd2 Re8 11. Nf1 Bf8 12. Ne3 Na5 13. Bc2 c5 14. h3 Nh7 15. a3 Be6 16. b4 Nc6 17. Bd2 Nf6 18. Rb1 Qd7 19. c4 cxb4 20. axb4 Reb8 21. Nd5 Qd8 22. Bc3 Nh7 23. Qd2 Bd7 24. Bb3 Ng5 25. Nxg5 Qxg5 26. Qxg5 hxg5 27. Ra1 Ra7 28. cxb5 axb5 29. Rxa7 Nxa7 30. Ra1 Rb7 31. f3 Kh7 32. Bd2 Kg6 33. Be3 Nc6 34. Ra8 Rb8 35. Ra6 Rb7 36. Kf2 Be8 37. Ke1 Bd7 38. Kd2 Be8 39. Kc3 Rb8 40. Rb6 Rc8 41. Kd2 f6 42. Rb7 Nd4 43. Bxd4 exd4 44. Nc7 Bc6 45. Ra7 d5 46. exd5 Bxb4+ 47. Kd1 Bc5 48. dxc6 Bxa7 49. Nxb5 Bb6 50. Bd5 Kh7 51. g4 g6 52. Kc2 Rd8 53. Be6 Ra8 54. c7 Bxc7 55. Nxc7 Ra5 56. Bc4 1/2-1/2

[Event "GER-ch rapid 46th"]
[Site "Plochingen"]
[Date "2020.09.19"]
[Round "3"]
[White "Schmaltz, Roland"]
[Black "Richter, Nils"]
[Result "1/2-1/2"]
[WhiteElo "2449"]
[BlackElo "2307"]
[PlyCount "67"]
[EventDate "2020.09.19"]
[EventType "swiss"]
[EventRounds "9"]
[EventCountry "GER"]
[SourceTitle "CBM 198 Extra"]
[Source "ChessBase"]
[SourceDate "2020.11.30"]
[SourceVersion "1"]
[SourceVersionDate "2020.11.30"]
[SourceQuality "1"]

1. e4 c5 2. Nf3 e6 3. d4 cxd4 4. Nxd4 Nc6 5. Nc3 Qc7 6. Be3 a6 7. Qf3 Nf6 8. 0-0-0 Ne5 9. Qg3 b5 10. f4 Neg4 11. Bd2 h5 12. h3 Nh6 13. Bd3 b4 14. Na4 Bb7 15. Rhe1 Rc8 16. e5 Nd5 17. f5 Nxf5 18. Nxf5 exf5 19. Bxf5 g6 20. Be4 Nb6 21. Qb3 Bxe4 22. Rxe4 Nxa4 23. Qxa4 a5 24. Bg5 Qc6 25. Qxc6 Rxc6 26. Rd5 Be7 27. Be3 a4 28. Ra5 0-0 29. Bd4 Rfc8 30. Re2 b3 31. axb3 axb3 32. c3 Bc5 33. Bxc5 Rxc5 34. Ra3 1/2-1/2

[Event "BL2-Sued 1920"]
[Site "Germany"]
[Date "2019.12.08"]
[Round "6.6"]
[White "Schluchter, Steffen"]
[Black "Schmaltz, Roland"]
[Result "1/2-1/2"]
[WhiteElo "2119"]
[BlackElo "2461"]
[PlyCount "69"]
[EventDate "2019.10.19"]
[EventType "team-tourn"]
[EventRounds "11"]
[EventCountry "GER"]
[SourceTitle "CBM 194 Extra"]
[Source "ChessBase"]
[SourceDate "2020.03.31"]
[SourceVersion "1"]
[SourceVersionDate "2020.03.31"]
[SourceQuality "1"]
[WhiteTeam "Worms"]
[BlackTeam "Baden-Baden II"]
[WhiteTeamCountry "GER"]
[BlackTeamCountry "GER"]

1. d4 g6 2. Bf4 Bg7 3. e3 d6 4. Nf3 Nd7 5. h3 e5 6. Bh2 Qe7 7. Be2 Ngf6 8. c4 0-0 9. Nc3 b6 10. 0-0 Bb7 11. Qc2 Rfe8 12. d5 a5 13. a3 Rf8 14. b4 Ne8 15. Nd2 f5 16. e4 Bc8 17. Nb3 Ndf6 18. bxa5 bxa5 19. f3 Bh6 20. Kh1 Nh5 21. c5 Qh4 22. Bb5 Bf4 23. Ne2 Bxh2 24. Kxh2 Nef6 25. g3 Nxg3 26. Nxg3 f4 27. Nh1 a4 28. Nd2 Bxh3 29. Kg1 Ra5 30. Rab1 Rb8 31. Qc4 Bxf1 32. Qxf1 Qg5+ 33. Kf2 Qh4+ 34. Kg1 Qg5+ 35. Kf2 1/2-1/2

[Event "BL2-Sued 1920"]
[Site "Germany"]
[Date "2019.12.07"]
[Round "5.6"]
[White "Schmaltz, Roland"]
[Black "Sergin, Mark"]
[Result "0-1"]
[WhiteElo "2461"]
[BlackElo "2191"]
[PlyCount "94"]
[EventDate "2019.10.19"]
[EventType "team-tourn"]
[EventRounds "11"]
[EventCountry "GER"]
[SourceTitle "CBM 194 Extra"]
[Source "ChessBase"]
[SourceDate "2020.03.31"]
[SourceVersion "1"]
[SourceVersionDate "2020.03.31"]
[SourceQuality "1"]
[WhiteTeam "Baden-Baden II"]
[BlackTeam "Neuberg"]
[WhiteTeamCountry "GER"]
[BlackTeamCountry "GER"]

1. e4 c5 2. Nf3 e6 3. d4 cxd4 4. Nxd4 a6 5. c4 Nf6 6. Nc3 d6 7. Be3 b6 8. Be2 Bb7 9. f3 Nbd7 10. 0-0 Be7 11. Qd2 Qc7 12. Rac1 Rc8 13. Rfd1 0-0 14. a3 Qb8 15. b4 Bd8 16. Nb3 Bc7 17. Bf4 Ne8 18. Kh1 Ndf6 19. c5 dxc5 20. Bxc7 Rxc7 21. bxc5 bxc5 22. Qe3 Qc8 23. Na4 Nd7 24. Naxc5 Nxc5 25. Nxc5 Nf6 26. Nxa6 Bxa6 27. Rxc7 Qxc7 28. Bxa6 Qa5 29. Bf1 Ra8 30. Ra1 h5 31. Qd4 Rd8 32. Qb4 Qe5 33. Rb1 h4 34. a4 Qf4 35. Qb6 Rc8 36. a5 h3 37. a6 Nd7 38. Qf2 hxg2+ 39. Bxg2 Ne5 40. Qe2 g5 41. h3 Kg7 42. Qb2 Kg6 43. Qa3 Qg3 44. Qb3 g4 45. hxg4 Qf2 46. f4 Rh8+ 47. Bh3 Nf3 0-1

[Event "Oberliga Baden 1920"]
[Site "Baden"]
[Date "2019.09.29"]
[Round "1.3"]
[White "Fischer, Daniel1111"]
[Black "Schmaltz, Roland"]
[Result "1-0"]
[WhiteElo "1926"]
[BlackElo "2461"]
[PlyCount "97"]
[EventDate "2019.09.29"]
[EventType "team-tourn"]
[EventRounds "9"]
[EventCountry "GER"]
[SourceTitle "CBM 195 Extra"]
[Source "ChessBase"]
[SourceDate "2020.05.31"]
[SourceVersion "1"]
[SourceVersionDate "2020.05.31"]
[SourceQuality "1"]
[WhiteTeam "Dreilaendereck"]
[BlackTeam "Baden-Baden III"]
[WhiteTeamCountry "GER"]
[BlackTeamCountry "GER"]

1. e4 c5 2. Nf3 d6 3. d4 cxd4 4. Nxd4 Nf6 5. Nc3 a6 6. Be3 e5 7. Nb3 Be6 8. h3 h5 9. Be2 Nbd7 10. 0-0 Rc8 11. Qd2 Be7 12. a4 0-0 13. a5 Re8 14. Rfc1 g6 15. Ra4 Bf8 16. Nd5 Bxd5 17. exd5 Nh7 18. Rb4 Rc7 19. f4 exf4 20. Bxf4 Ne5 21. Re1 Bg7 22. Bf1 Nf8 23. c3 Nfd7 24. Be3 Qe7 25. Bf2 Qf8 26. Be3 Kh7 27. Qf2 Bh6 28. Bd4 f5 29. c4 Bg7 30. Bc3 Qf7 31. Rd1 Nf6 32. Nd2 Bh6 33. Bd4 Qe7 34. b3 Ned7 35. Bd3 Be3 36. Bxe3 Qxe3 37. Nf3 Nc5 38. Bc2 Qxf2+ 39. Kxf2 Rce7 40. Re1 Nfe4+ 41. Kg1 Nc3 42. Rxe7+ Rxe7 43. Rb6 Re2 44. b4 Rxc2 45. bxc5 Rc1+ 46. Kh2 dxc5 47. Rxb7+ Kh6 48. d6 Rd1 49. Ne5 1-0

[Event "GER-ch blitz"]
[Site "Magdeburg"]
[Date "2019.05.25"]
[Round "20"]
[White "Braeuer, Franz"]
[Black "Schmaltz, Roland"]
[Result "0-1"]
[WhiteElo "2445"]
[BlackElo "2461"]
[PlyCount "122"]
[EventDate "2019.05.25"]
[EventType "tourn (blitz)"]
[EventRounds "29"]
[EventCountry "GER"]
[SourceTitle "CBM 190 Extra"]
[Source "ChessBase"]
[SourceDate "2019.07.15"]
[SourceVersion "1"]
[SourceVersionDate "2019.07.15"]
[SourceQuality "1"]

1. e4 d6 2. d4 Nf6 3. Nc3 e5 4. Nf3 Nbd7 5. Bc4 Be7 6. 0-0 0-0 7. Re1 a6 8. a4 b6 9. b3 c6 10. d5 cxd5 11. Nxd5 Bb7 12. Ba3 Nxd5 13. Bxd5 Bxd5 14. Qxd5 Qc7 15. c4 Nf6 16. Qd3 Rfd8 17. Nd2 Qb7 18. Bb2 Nd7 19. Nf1 Nc5 20. Qc2 Bg5 21. g3 Rac8 22. h4 Bh6 23. Nh2 b5 24. axb5 axb5 25. Ng4 bxc4 26. Nxh6+ gxh6 27. bxc4 Qb3 28. Qe2 Rb8 29. Qg4+ Kh8 30. Rab1 Qxc4 31. Rbc1 Qe6 32. Qe2 Rb3 33. Bc3 Rg8 34. Red1 Rg6 35. Bd2 Qh3 36. Be3 Nxe4 37. Qc4 Rxe3 38. Qc8+ Qxc8 39. Rxc8+ Kg7 40. fxe3 Rxg3+ 41. Kh2 Rxe3 42. Rg1+ Kf6 43. Rf1+ Ke6 44. Rc7 f6 45. Rxh7 Re2+ 46. Kh3 Re3+ 47. Kh2 d5 48. Rxh6 d4 49. Rg6 d3 50. Rg2 f5 51. h5 Nf6 52. Rg6 Re2+ 53. Kg3 f4+ 54. Kf3 Re3+ 55. Kf2 Kf5 56. Rd1 Nxh5 57. Rd6 e4 58. Rd5+ Kg4 59. Rg1+ Ng3 60. Rg2 Re2+ 61. Kg1 Re1+ 0-1

[Event "GER-ch blitz"]
[Site "Magdeburg"]
[Date "2019.05.25"]
[Round "7"]
[White "Schmaltz, Roland"]
[Black "Koch, Thomas"]
[Result "0-1"]
[WhiteElo "2461"]
[BlackElo "2474"]
[PlyCount "120"]
[EventDate "2019.05.25"]
[EventType "tourn (blitz)"]
[EventRounds "29"]
[EventCountry "GER"]
[SourceTitle "CBM 190 Extra"]
[Source "ChessBase"]
[SourceDate "2019.07.15"]
[SourceVersion "1"]
[SourceVersionDate "2019.07.15"]
[SourceQuality "1"]

1. e4 c5 2. Nf3 d6 3. d4 cxd4 4. Nxd4 Nf6 5. Nc3 a6 6. Be3 Ng4 7. Bg5 h6 8. Bc1 Nc6 9. Nxc6 bxc6 10. Bc4 Nf6 11. e5 d5 12. exf6 dxc4 13. Qxd8+ Kxd8 14. fxe7+ Bxe7 15. Bf4 Be6 16. 0-0-0+ Ke8 17. Bd6 Rd8 18. Bxe7 Kxe7 19. Na4 Rd5 20. Rhe1 Rb8 21. Nc3 Rxd1+ 22. Rxd1 g5 23. Re1 Rd8 24. Re5 Rd4 25. g3 f6 26. Ra5 Bc8 27. Nd1 f5 28. c3 Re4 29. Kd2 f4 30. f3 Re6 31. gxf4 gxf4 32. Rc5 Rd6+ 33. Ke2 Re6+ 34. Kd2 Rd6+ 35. Kc1 Rd3 36. Rxc6 Be6 37. Rxa6 Rxf3 38. a4 Rf1 39. Kd2 Rh1 40. Nf2 Rxh2 41. Ke1 Rg2 42. Kf1 Rg6 43. Ra7+ Kd6 44. a5 Kc5 45. Ne4+ Kd5 46. Nf2 Kc6 47. Re7 Bd5 48. a6 Kb5 49. a7 Ra6 50. Nh3 f3 51. Nf4 Bc6 52. Ne6 Kb6 53. Nd4 Bd5 54. Re5 Ba8 55. Kf2 Kxa7 56. Nxf3 Rf6 57. Re3 Kb6 58. Ke2 Rxf3 59. Rxf3 Bxf3+ 60. Kxf3 Kb5 0-1

[Event "GER-ch blitz"]
[Site "Magdeburg"]
[Date "2019.05.25"]
[Round "11"]
[White "Schmaltz, Roland"]
[Black "Krause, Benedict"]
[Result "1-0"]
[WhiteElo "2461"]
[BlackElo "2434"]
[PlyCount "49"]
[EventDate "2019.05.25"]
[EventType "tourn (blitz)"]
[EventRounds "29"]
[EventCountry "GER"]
[SourceTitle "CBM 190 Extra"]
[Source "ChessBase"]
[SourceDate "2019.07.15"]
[SourceVersion "1"]
[SourceVersionDate "2019.07.15"]
[SourceQuality "1"]

1. e4 c5 2. Nf3 e6 3. d4 cxd4 4. Nxd4 Nc6 5. Nc3 Nf6 6. Be3 Bb4 7. Nxc6 bxc6 8. Qd3 0-0 9. Be2 d5 10. e5 Ne4 11. 0-0 Nxc3 12. bxc3 Ba5 13. Bc5 Re8 14. Qg3 Bb6 15. Bd4 Bd7 16. Rfd1 Rb8 17. Bd3 c5 18. Be3 c4 19. Bg5 Qc8 20. Bf6 g6 21. Be2 Bd8 22. Qg5 Qc5 23. Rd4 Bxf6 24. exf6 e5 25. Rxd5 1-0

[Event "GER-ch blitz"]
[Site "Magdeburg"]
[Date "2019.05.25"]
[Round "26"]
[White "Schneider, Ilja"]
[Black "Schmaltz, Roland"]
[Result "1-0"]
[WhiteElo "2494"]
[BlackElo "2461"]
[PlyCount "68"]
[EventDate "2019.05.25"]
[EventType "tourn (blitz)"]
[EventRounds "29"]
[EventCountry "GER"]
[SourceTitle "CBM 190 Extra"]
[Source "ChessBase"]
[SourceDate "2019.07.15"]
[SourceVersion "1"]
[SourceVersionDate "2019.07.15"]
[SourceQuality "1"]

1. d4 g6 2. e4 d6 3. Nc3 Nf6 4. Nge2 Bg7 5. g3 0-0 6. Bg2 e5 7. dxe5 dxe5 8. Qxd8 Rxd8 9. Bg5 c6 10. 0-0 Nbd7 11. Rad1 Re8 12. Nc1 h6 13. Be3 Ng4 14. Bd2 Nc5 15. h3 Nf6 16. Be3 Ne6 17. Nd3 Nd7 18. f4 exf4 19. gxf4 Nb6 20. e5 Nc4 21. Bc1 Nd4 22. Rf2 Nf5 23. b3 Nce3 24. Re1 Nxg2 25. Kxg2 b6 26. Rd2 Bb7 27. Nf2 c5+ 28. Nd5 Rad8 29. c4 Ne7 30. Red1 Nxd5 31. Kg3 g5 32. cxd5 gxf4+ 33. Kxf4 Bxe5+ 34. Kf3 Bd4 1-0

[Event "BL2-Sued 1819"]
[Site "Germany"]
[Date "2019.02.24"]
[Round "8.5"]
[White "Schmaltz, Roland"]
[Black "Meskovs, Nikita"]
[Result "0-1"]
[WhiteElo "2452"]
[BlackElo "2542"]
[PlyCount "66"]
[EventDate "2018.11.10"]
[EventType "team-tourn"]
[EventRounds "10"]
[EventCountry "GER"]
[SourceTitle "CBM 190 Extra"]
[Source "ChessBase"]
[SourceDate "2019.07.15"]
[SourceVersion "1"]
[SourceVersionDate "2019.07.15"]
[SourceQuality "1"]
[WhiteTeam "Baden-Baden II"]
[BlackTeam "Speyer Schwegenheim"]
[WhiteTeamCountry "GER"]
[BlackTeamCountry "GER"]

1. e4 e5 2. Nf3 Nc6 3. Bb5 a6 4. Ba4 Nf6 5. d3 b5 6. Bb3 Bc5 7. Nc3 h6 8. a4 b4 9. Nd5 d6 10. a5 Rb8 11. Be3 Bxe3 12. fxe3 0-0 13. 0-0 Nxd5 14. Bxd5 Nxa5 15. Rxa5 c6 16. Qa1 cxd5 17. exd5 Qb6 18. Re1 Qc7 19. Rc1 Rb5 20. Rxb5 axb5 21. c4 bxc3 22. Rxc3 Qb6 23. d4 Bb7 24. dxe5 Bxd5 25. exd6 Bxf3 26. gxf3 Qxd6 27. Qc1 Qd7 28. b4 Ra8 29. Rc5 Ra6 30. Rc8+ Kh7 31. Rc2 Rd6 32. Kg2 Rd1 33. Qb2 Qd3 0-1

[Event "BL2-Sued 1819"]
[Site "Germany"]
[Date "2019.02.23"]
[Round "7.5"]
[White "Felgendreher, Heiko"]
[Black "Schmaltz, Roland"]
[Result "0-1"]
[WhiteElo "2400"]
[BlackElo "2452"]
[PlyCount "70"]
[EventDate "2018.11.10"]
[EventType "team-tourn"]
[EventRounds "10"]
[EventCountry "GER"]
[SourceTitle "CBM 190 Extra"]
[Source "ChessBase"]
[SourceDate "2019.07.15"]
[SourceVersion "1"]
[SourceVersionDate "2019.07.15"]
[SourceQuality "1"]
[WhiteTeam "Moerlenbach Birkenau"]
[BlackTeam "Baden-Baden II"]
[WhiteTeamCountry "GER"]
[BlackTeamCountry "GER"]

1. e4 c5 2. Nf3 d6 3. d4 cxd4 4. Nxd4 Nf6 5. Nc3 a6 6. Be3 e6 7. f3 h5 8. Qd2 Be7 9. 0-0-0 b5 10. Bd3 Bd7 11. Kb1 Nc6 12. Nb3 Rb8 13. f4 b4 14. Ne2 a5 15. Rhf1 Qc7 16. Qe1 a4 17. Nbd4 Qb7 18. Bc1 b3 19. cxb3 Nb4 20. Nc3 axb3 21. axb3 Qa7 22. Bb5 Bxb5 23. Ndxb5 Rxb5 24. Be3 Qa6 25. Bd4 Rb8 26. Rf3 0-0 27. Rg3 Rfc8 28. Rg5 e5 29. fxe5 dxe5 30. Bxe5 Rxc3 31. Bxc3 Qa2+ 32. Kc1 Qxb3 33. Qe2 Na2+ 34. Kd2 Nxc3 35. bxc3 Nxe4+ 0-1